000 01239nam a2200313Ia 4500
001 ebr10309958
003 CaPaEBR
006 m u
007 cr cn|||||||||
008 080924s2009 txu sb 001 0 eng d
010 _z 2008042067
020 _z9780292706583 (cloth : alk. paper)
040 _aCaPaEBR
_cCaPaEBR
035 _a(OCoLC)647818243
050 1 4 _aBF1584.P9
_bR65 2009eb
100 1 _aRomberg, Raquel.
245 1 0 _aHealing dramas
_h[electronic resource] :
_bdivination and magic in modern Puerto Pico /
_cRaquel Romberg.
250 _a1st ed.
260 _aAustin :
_bUniversity of Texas Press,
_c2009.
300 _axiv, 295 p.
504 _aIncludes bibliographical references and index.
533 _aElectronic reproduction.
_bPalo Alto, Calif. :
_cebrary,
_d2009.
_nAvailable via World Wide Web.
_nAccess may be limited to ebrary affiliated libraries.
650 0 _aMagic
_zPuerto Rico.
650 0 _aDivination
_zPuerto Rico.
650 0 _aMedicine, Magic, mystic, and spagiric
_zPuerto Rico.
655 7 _aElectronic books.
_2local
710 2 _aebrary, Inc.
856 4 0 _uhttp://site.ebrary.com/lib/rucke/Doc?id=10309958
_zAn electronic book accessible through the World Wide Web; click to view
999 _c62654
_d62654